Normal view
MARC view
- Abdullah bin Ayub,
Entry Personal Name
001 - CONTROL NUMBER
- control field: 3189
003 - CONTROL NUMBER IDENTIFIER
- control field: OSt
005 - DATE AND TIME OF LATEST TRANSACTION
- control field: 20170511093928.0
008 - FIXED-LENGTH DATA ELEMENTS
- fixed length control field: 170511|| aca||aabn | a|a d
040 ## - CATALOGING SOURCE
- Original cataloging agency: OSt
- Transcribing agency: OSt
100 ## - HEADING--PERSONAL NAME
- Personal name: Abdullah bin Ayub,
- Titles and other words associated with a name: Tan Sri Dato
670 ## - SOURCE DATA FOUND
- Source citation: Work cat.: (OSt)0: Abdullah bin Ayub, Tan Sri Dato, Cara pemerintahan Tanah Melayu, 1957-1963 /, 1978

PORTAL AKMAL
E-MEL JKDM
AKMAL2U
G-BAM
u-PUSTAKA